Smith, Marx and after : (Record no. 123499)

MARC details
000 -LEADER
fixed length control field 00741nam a22002297a 4500
005 - DATE AND TIME OF LATEST TRANSACTION
control field 20170124105926.0
010 ## - LIBRARY OF CONGRESS CONTROL NUMBER
LC control number A-071983
020 ## - INTERNATIONAL STANDARD BOOK NUMBER
Terms of availability 00.00
International Standard Book Number 0412143607
035 ## - SYSTEM CONTROL NUMBER
System control number A-071983
037 ## - SOURCE OF ACQUISITION
Source of stock number/acquisition Cen Lib/Ret
040 ## - CATALOGING SOURCE
Original cataloging agency DPL
Language of cataloging EN
082 ## - DEWEY DECIMAL CLASSIFICATION NUMBER
Classification number 330.1
Item number MEE
100 ## - MAIN ENTRY--PERSONAL NAME
Personal name Meek,Ronald L.
9 (RLIN) 6510
245 ## - TITLE STATEMENT
Title Smith, Marx and after :
Statement of responsibility, etc by Ronald L.Meek
Remainder of title ten essaysinm the development of economics thought /
260 ## - PUBLICATION, DISTRIBUTION, ETC. (IMPRINT)
Place of publication, distribution, etc London
Name of publisher, distributor, etc Chapman & Hall
Date of publication, distribution, etc 1977
270 ## - ADDRESS
Address 11,New Fetter Lane
City London
300 ## - PHYSICAL DESCRIPTION
Extent 193p.
Dimensions 22cm(Hb)
500 ## - GENERAL NOTE
General note Includes index
650 ## - SUBJECT ADDED ENTRY--TOPICAL TERM
Topical term or geographic name as entry element Economics-History-Addresses,essays,lectures
9 (RLIN) 6511
650 ## - SUBJECT ADDED ENTRY--TOPICAL TERM
Topical term or geographic name as entry element Smith,Adam,1723-90- Addresses,essays,lectures
9 (RLIN) 6512
942 ## - ADDED ENTRY ELEMENTS (KOHA)
Source of classification or shelving scheme Dewey Decimal Classification
Koha item type English Books
Classification part 330.1
Call number suffix MEE
Holdings
Withdrawn status Lost status Damaged status Not for loan Home library Current library Date acquired Source of acquisition Cost, normal purchase price Total Checkouts Full call number Barcode Date last seen Copy number Cost, replacement price Price effective from Koha item type
        Central Library Central Library 08/06/2015 Cen Lib/Ret 0.00   330.1 MEE A-071983 08/06/2015 1 0.00 15/09/2016 English Books

© Delhi Public Library
Hit Counter
free hit counter